000 00503nam a2200145 4500
999 _c10899
_d10899
008 180926b ||||| |||| 00| 0 eng d
022 _a2094-8042
082 _aDPer 370.105 M72 Jan-Dec 2011 v59-60
100 _931697
_aFrias, Clarita R.
245 _aFirst aid measures for some accidents in children/
_cClarita R. Frias.
260 _aPhilippines:
_bIn the Grade School, Inc.,
_cc2011.
300 _av60 n5, pages 202-204:
_billustrations;
_c27cm.
650 0 _931698
_aFirst aid.
942 _2ddc
_cPER